| 000 | 00000nam 2200000za 4500 |
| 001 | 9.840734 |
| 003 | CaOODSP |
| 005 | 20221107151921 |
| 007 | cr ||||||||||| |
| 008 | 170803s1977 onc #o f000 0 eng d |
| 040 | |aCaOODSP|beng |
| 043 | |an-cn--- |
| 086 | 1 |aR74-36/1977E-PDF |
| 245 | 00|aNative associations north of 60° |h[electronic resource]. |
| 260 | |a[Ottawa] : |bDept. of Indian Affairs and Northern Development, |c1977. |
| 300 | |a[52] p. |
| 500 | |aTitle from cover. |
| 500 | |aDigitized edition from print [produced by Indigenous and Northern Affairs Canada]. |
| 520 | |aCompilation of contact details for various native associations in Northern Canada. |
| 692 | 07|2gccst|aAssociations |
| 692 | 07|2gccst|aInuit |
| 710 | 1 |aCanada. |bIndian and Northern Affairs Canada. |
| 856 | 40|qPDF|s2.96 MB|uhttps://publications.gc.ca/collections/collection_2017/aanc-inac/R74-36-1977-eng.pdf |